000 01172cam a22003134a 4500
001 13576053
003 OSt
005 20230915114806.0
008 040428s2005 ilua b 001 0 eng
010 _a 2004010059
020 _a0736046321 (soft cover)
040 _aDLC
_cDLC
_dDLC
042 _apcc
050 0 0 _aGV709
_b.O55 2005
082 0 0 _a613.71082
_bOLI/A
100 1 _aOliver, David,
_d1964-
245 1 0 _aAthletic strength for women /
_cDavid Oliver, Dana Healy.
260 _aChampaign, Ill. :
_bHuman Kinetics,
_cc2005.
300 _axv, 231 p. :
_bill. ;
_c28 cm.
504 _aIncludes bibliographical references (p. 225) and index.
650 0 _aWomen athletes
_xTraining of.
650 0 _aSports for women
_xPhysiological aspects.
650 0 _aWeight training for women.
700 1 _aHealy, Dana,
_d1972-
856 4 1 _3Table of contents
_uhttp://www.loc.gov/catdir/toc/ecip0417/2004010059.html
906 _a7
_bcbc
_corignew
_d1
_eecip
_f20
_gy-gencatlg
942 _2ddc
_cBK
_h613.71082
_iOLI/A
_k613.71082
_mOLI/A
999 _c42496
_d42496